Towards trusteeship (Record no. 353568)

000 -LEADER
fixed length control field 00336cam a22001217a 4500
008 - FIXED-LENGTH DATA ELEMENTS--GENERAL INFORMATION
fixed length control field 180718b1973 xxu||||| |||| 00| 0 eng d
082 ## - DEWEY DECIMAL CLASSIFICATION NUMBER
Classification number T465 Sa78
100 ## - MAIN ENTRY--PERSONAL NAME
Personal name Sarkar, Bandana
245 ## - TITLE STATEMENT
Title Towards trusteeship
Statement of responsibility, etc. by Bandana Sarkar
260 ## - PUBLICATION, DISTRIBUTION, ETC.
Place of publication, distribution, etc. Tirupur
Name of publisher, distributor, etc. Tamilnad Sarvodaya Sangh
Date of publication, distribution, etc. 1973
300 ## - PHYSICAL DESCRIPTION
Extent 133p.
650 ## - SUBJECT ADDED ENTRY--TOPICAL TERM
Topical term or geographic name entry element Trusts and trustees
Holdings
Withdrawn status Lost status Damaged status Not for loan Permanent Location Current Location Date acquired Full call number Barcode Date last seen Price effective from Koha item type
        Indian Institute of Public Administration Indian Institute of Public Administration 1993-12-03 T465 Sa78 49211 2018-07-21 2018-07-21 Book

Powered by Koha